=LDR 00000nam 2200000 4500 =001 INLIS000000000047781 =005 20210325095645 =035 ##$$a 0010-021600000000169 =008 210325################g##########0#ind## =020 ##$$a 979-8679-03-2 =040 ##$$a NPBDMAT =082 ##$$a 338.092 =090 ##$$a 338.092 $b Pro k =100 #$$a Probosutedjo =245 1#$$a Keimanan Guru Pengusaha /$c H. Probosutedjo =260 ##$$a Jakarta :$b Yudhagama,$c 1979 =300 ##$$a xviii, 559 hlm : $b ilus ; $c 21x14 cm =650 #4$$a Indonesia - Politik Ekonomi-Sosial =084 ##$$a 338.092 PRO k =250 ##$$a cet.1 =990 ##$$a 31500663 =990 ##$$a 31500664